Music Quiz

Random Music or Song Quiz

Guess Muse song Quiz Stats

 Plays Quiz not verified by Sporcle

Score 0/158 Timer 10:00
0 Plays Today
% Correct
you
94.7%
you
94.7%
you
94.7%
you
94.7%
you
94.7%
you
94.7%
you
94.7%
you
94.7%
you
94.7%
you
94.7%
you
94.7%
you
94.7%
you
94.7%
you
94.7%
you
94.7%
you
94.7%
you
94.7%
you
94.7%
you
94.7%
you
94.7%
you
94.7%
and
94.6%
the
94.6%
and
94.6%
the
94.6%
the
94.6%
and
94.6%
and
94.6%
and
94.6%
and
94.6%
a
94.6%
the
94.6%
and
94.6%
the
94.6%
the
94.6%
and
94.6%
and
94.6%
and
94.6%
and
94.6%
me
79.4%
me
79.4%
me
79.4%
me
79.4%
me
79.4%
to
75.6%
to
75.6%
to
75.6%
to
75.6%
to
75.6%
we
72.7%
we
72.7%
we
72.7%
it
70.2%
% Correct
it
70.2%
it
70.2%
it
70.2%
is
69.7%
are
67.9%
so
64.1%
so
64.1%
so
64.1%
this
62.6%
this
62.6%
this
62.6%
one
58.8%
one
58.8%
one
58.8%
one
58.8%
one
58.8%
if
58.5%
if
58.5%
if
58.5%
if
58.5%
time
57.5%
time
57.5%
but
56.3%
but
56.3%
but
56.3%
but
56.3%
had
53.5%
had
53.5%
had
53.5%
had
53.5%
had
53.5%
had
53.5%
away
51.9%
been
51.9%
been
51.9%
away
51.9%
what
51.9%
been
51.9%
been
51.9%
away
51.9%
been
51.9%
away
51.9%
that
51.6%
nothing
51.2%
nothing
51.2%
nothing
51.2%
nothing
51.2%
nothing
51.2%
i'll
50.1%
means
49.6%
means
49.6%
know
49.6%
world
49.6%
% Correct
don't
49.1%
you're
48.4%
number
47.8%
number
47.8%
number
47.8%
number
47.8%
number
47.8%
give
46.8%
much
45.5%
much
45.5%
much
45.5%
whole
45.3%
whole
45.3%
only
45.1%
only
45.1%
ruled
44.5%
ruled
44.5%
ruled
44.5%
ruled
44.5%
ruled
44.5%
blew
44%
blew
44%
blew
44%
blew
44%
could've
43.8%
could've
43.8%
could've
43.8%
could've
43.8%
could've
43.8%
could've
43.8%
could've
43.8%
could've
43.8%
could've
43.8%
could've
43.8%
could've
43.8%
could've
43.8%
could've
43.8%
chance
43.5%
chance
43.5%
fun
42.5%
fun
42.5%
fun
42.5%
you've
42%
cause
40%
cause
40%
done
39.5%
clue
35.6%
found
31.5%
still
30.1%
everyone
16.5%
everyone
16.5%
everyone
16.5%

You're not logged in!

Compare scores with friends on all Sporcle quizzes.
OR
Log In

Show Comments

Extras

Created Oct 14, 2010ReportNominate
Tags:Song Quiz, muse

Top Quizzes Today


Score Distribution

Your Account Isn't Verified!

In order to create a playlist on Sporcle, you need to verify the email address you used during registration. Go to your Sporcle Settings to finish the process.

Report this User

Report this user for behavior that violates our Community Guidelines.

Details: